000 00836nam a2200241Ia 4500
001 4410
003 GE_BSU
008 181216s||||||||xx |||||||||||||| ||und||
040 _cGE_BSU
080 _a531(075.8)+531.01
100 _aგორგიძე, ა..
245 _aთეორიული მექანიკის კურს ნაწ.lll: დინამიკა. სახელმძღვანელო
245 _cრედ ა. ბესელია
250 _all.შევს გამოც
260 _aთბილისი
260 _bგანათლება,
260 _c1972
300 _a342ვ. 21 სმ.
300 _eბიბლიოგრ:გვ.342
653 _aდინქამიკა
653 _aთეორიული მექანიკა
942 _cBK
999 _c38400
_d38400